00838nam a2200241Ia 4500001000600000003000900006008004100015040001300056040001300069041001300082100002200095100002900117245006300146245004700209250001100256260001400267260001200281260004900293300005700342500014100399650002500540650003100565G5188IT-RoPAU130308s9999 xx 000 0 und d aIT-RoPAU cIT-RoPAU aITALIANO aCavallo Guglielmo gCodice Aut. SPICS: 8255 a"Tra ""Volumen"" e ""Codex"". La lettura nel mondo romano" bStoria della Lettura nel Mondo Occidentale a2a ed. aROMA/BARI bLaterza c1999 [1° Ed.:1995 - Ed.Ling.Originale:1995] a"33 p. (prefazione: no ; testo: 33 [pagine: 37-69])" aNascita di un Pubblico di Lettori. Modalità€ della Lettura. Nuovi spazi della Lettura. Dalla Lettura ricreativa Alla Lettura Normativa. aSAGGI DI LINGUISTICA eCodice materia Spics: 3207